| 000 | 01173nam a2200349 a 4500 | ||
|---|---|---|---|
| 001 | vtls000210552 | ||
| 003 | NLI | ||
| 005 | 20210602115915.0 | ||
| 008 | 101126s1958 enk 000 0beng | ||
| 020 | _cUSD 12.60 | ||
| 039 | 9 |
_y201011260042 _zVLOAD |
|
| 040 | 0 |
_aNLI _beng _cVERGIS-2010 _eAACR2 |
|
| 041 | 1 |
_aeng _hgrc |
|
| 044 | _aenk | ||
| 082 | 0 | 4 | _a888.4 |
| 245 | 0 | 0 |
_aPlato / _ctranslated and edited by W. D. Woodhead |
| 260 |
_aLondon : _bNelson, _c1958 |
||
| 300 |
_axxxii, 308 p. ; _c18 cm. |
||
| 500 | _aLibrary has 2 cops. | ||
| 650 | 0 |
_aGreek prose literature _xHistory and criticism _9392167 |
|
| 650 | 0 |
_aAuthors, Greek _xBiography _xHistory and criticism _9393379 |
|
| 650 | 0 | _aBiography as a literary form | |
| 700 | 1 |
_aWoodhead, W. D., _4trl, _4edt _9393380 |
|
| 887 | _a | ||
| 901 |
_a325748 _b24.02.1959 |
||
| 901 |
_a355189 _b23.06.1963 _9c.2 |
||
| 902 | _aE 888.4 P 697 s | ||
| 949 |
_AVIRTUAITEM _D10000 _X100 _6PUR000325748ENG |
||
| 942 |
_2ddc _cBKS |
||
| 949 |
_AVIRTUAITEM _D10000 _X100 _6PUR000355189ENG |
||
| 999 |
_aVIRTUA40 _c213972 _d213972 |
||
| 999 | _aVTLSSORT0080*0200*0400*0410*0440*0820*2450*2600*3000*5000*6500*6501*6502*7000*9010*9011*9020*9490*9491*9991 | ||